Responses for Show #6625 - Friday, June 7, 2013

Contestants

[<< previous game]

Susan Torsell-Damico, a retired bookseller from Hamburg, New York

Tim Anderson, a Spanish professor from Rockford, Illinois

Greg Draves, an MBA student from New York, New York (whose 1-day cash winnings total $22,800)

[next game >>]

Jeopardy! Round responses

ALICE IN WONDERLAND
WILL THE REAL CHEMICAL ELEMENT PLEASE STAND UP?
EUROPEAN HOLIDAYS
LIFE OF BRIAN
TIME FOR SOME HAIR CARE
SPLIT "N"s
(Alex: Each correct response will begin with an "N" and end with an "N".)
    $200 1
the Mad Hatter

Tim
    $200 17
neptunium

Tim
    $200 2
New Year's Day

Greg
    $200 10
Brian Wilson

Tim
    $200 22
dandruff

Susan
    $200 15
noon

Greg
    $400 3
July 4th

Susan
    $400 19
francium

Tim
    $400 5
Mother's Day

Tim
    $400 11
Marilyn Manson

Tim
    $400 23
(Alex: You know about hair [*]? [Laughter] Oh, nasty Alex. Nasty.)

conditioner

Greg
    $400 18
to neaten

Susan
    $600 4
croquet

Tim
    $600 24
ruthenium

Greg
    $600 6
(Susan: Who is St. John?)

Paul

GregSusan
    $600 12
Brian Jones

Triple Stumper
    $600 29
an acid perm

Greg
    $1,200 20
(Tim: What is a neurologian?)

neurosurgeon

Tim
    $800 7
cake

Tim
    $800 25
hafnium

Greg
    $800 8
Northern Ireland

Tim
    $800 13
Brian Boitano

Tim
    $800 30
a weave

Tim
    $800 21
a nobleman

Susan
    $1000 16
the White Rabbit

Greg
    $1000 26
(Alex: The first artificially produced element.)

technetium

Greg
    $1000 9
(Greg: What is Finland?)

Hungary

Greg
Triple Stumper
    $1000 14
Brian de Palma

Tim
    $1000 28
blue

Tim
    $1000 27
(Tim: What is negation?)

nullification

Tim
Triple Stumper

Scores at the first commercial break (after clue 15):

Greg Tim Susan
$0 $5,200 -$200

Scores at the end of the Jeopardy! Round:

Greg Tim Susan
$4,400 $5,400 $1,200

Double Jeopardy! Round responses

CARNY ART
DRINKS
4-LETTER COUNTRY NAMES
SAME ROLE, SAME FILM
WORLD WAR II
THE END "ZONE"
(Alex: "Zone" is gonna come up in each correct response.)
    $400 28
Ives

Tim
    $400 24
a Slurpee

Tim
    $400 10
Peru

Greg
    $400 1
(Greg: What is The Sum of All Fears?)

Saving Private Ryan

GregSusan
    $400 4
the Axis

Tim
    $400 15
the red zone

Susan
    $800 29
Toulouse-Lautrec

Susan
    $800 25
(Alex: Correct, with less than a minute to go.)

Swiss Miss

Susan
    $800 11
Laos

Greg
    $800 2
It's A Wonderful Life

Greg
    $800 5
the Resistance

Tim
    $800 16
a calzone

Tim
    $1200 30
(Camille) Saint-Saƫns

Tim
    $1200 26
cappuccino

Susan
    $1200 12
Oman

Susan
    $1200 3
The Hobbit

Tim
    $1200 6
Hermann Goering

Triple Stumper
    $1200 17
"Danger Zone"

Greg
    $4,000 20
Lent

Greg
    $1600 27
(Susan: What is Arizona?)

Rockstar

Susan
Triple Stumper
    $3,000 13
(Alex: You have enough money--$4,800--to take the lead away from Tim.)
(Susan: I've been warned about you, Alex.)
[Laughter]
(Susan: I'll bet $3,000.)
(Alex: All right. Well, obviously, the warning didn't work too much. Here is the clue.)
...
(Susan: What is Togo?)

Fiji

Susan
    $1600 9
Beaches

Tim
    $1600 7
Corregidor

Triple Stumper
    $1600 22
a time zone

Greg
    $2000 19
(Greg: What is surrealism?)
(Susan: What is Dadaism?)

expressionism

GregSusan
Triple Stumper
    $2000 23
(Greg: What is ouzo?)

retsina

GregTim
    $2000 14
Mali

Tim
    $2000 18
Space Cowboys

Greg
    $2000 8
(Greg: Who is Rommel?)

Montgomery

GregSusan
    $2000 21
the Demilitarized Zone

Tim

Scores at the end of the Double Jeopardy! Round:

Greg Tim Susan
$8,800 $18,200 $1,400
(lock game)

[wagering suggestions for these scores]

Final Jeopardy! Round responses

AMERICAN WRITERS
(Alex: It would help if you knew Diogenes was the Greek philosopher who rejected luxury and lived a simple life.)
...
(Alex: [To Greg] And I don't think he's too happy.)
[Greg shakes his head.]
(Alex: Why is that? Because he wrote down the other logical choice, Ralph Waldo Emerson.)
SusanWho is Thoreau?
$700
GregWho was R.W. Emerson?
$5,999
TimWho was Melville?
$200
Henry David Thoreau

Final scores:

Greg Tim Susan
$2,801 $18,000 $2,100
2nd place: $2,000 New champion: $18,000 3rd place: $1,000

Game dynamics:

Coryat scores:

Greg Tim Susan
$6,400 $19,400 $4,400
16 R
(including 1 DD),
5 W
24 R,
2 W
(including 1 DD)
11 R,
4 W
(including 1 DD)

Combined Coryat: $30,200

[game clues] [game scores] [suggest correction]

Game tape date: 2013-01-30
The J! Archive is created by fans, for fans. Scraping, republication, monetization, and malicious use prohibited; this site may use cookies and collect identifying information. See terms. The Jeopardy! game show and all elements thereof, including but not limited to copyright and trademark thereto, are the property of Jeopardy Productions, Inc. and are protected under law. This website is not affiliated with, sponsored by, or operated by Jeopardy Productions, Inc. Join the discussion at JBoard.tv.